| 000 | 00603nam a22002177a 4500 | ||
|---|---|---|---|
| 003 | OSt | ||
| 005 | 20151029153717.0 | ||
| 008 | 130308t xxu||||| |||| 00| 0 eng d | ||
| 020 | _a9780449300121 | ||
| 050 |
_aPS 1852 _b.K23 1983 |
||
| 082 |
_aIB 808.8381 _b H31s 1983 |
||
| 100 | _aKazin, Alfred | ||
| 245 |
_aSelected short stories of nathaniel hawthorne _cEdited with an introduction by Alfred Kazin |
||
| 260 |
_aGreenwich, Conn. _bFawcett Pub. _c1983 |
||
| 300 |
_a254 p. _c19cm _bIill.; |
||
| 521 | _aGrade 9 | ||
| 526 | _c960L-1110L | ||
| 562 | _e1 | ||
| 942 |
_2lcc _cBK |
||
| 999 |
_c2273 _d2273 |
||